| 000 | 01005nam a2200325 a 4500 | ||
|---|---|---|---|
| 003 | AR-BaBNM | ||
| 005 | 20251128210130.0 | ||
| 008 | 082120s2002 ||||||||||||||000 | spa|| | ||
| 020 | _a84-85407-35-0 | ||
| 040 | _cAR-BaBNM | ||
| 245 | 0 | 0 |
_aHistoria de la literatura española e hispanoamericana _n7 |
| 260 |
_aMadrid _bEdiciones Orgaz _c1980 |
||
| 300 |
_a320 p. _bil. |
||
| 500 | _aContiene referencias bibliográficas al final de cada capítulo | ||
| 500 | _aContiene índice onomástico en p. 277 | ||
| 650 | 4 | _aHISTORIA LITERARIA | |
| 650 | 4 | _aLITERATURA ESPAÑOLA | |
| 650 | 4 | _aCRITICA LITERARIA | |
| 650 | 4 | _aLITERATURA CONTEMPORANEA | |
| 650 | 4 | _aLITERATURA CATALANA | |
| 653 | _aLITERATURA GALLEGA | ||
| 653 | _aLITERATURA VASCA | ||
| 653 | _aLITERATURA HISPANOAMERICANA | ||
| 655 | _aLITERATURA | ||
| 700 | 1 |
_aPalacios Fernández, Emilio _edirector |
|
| 700 | 1 |
_aDel Olmo, Javier G. _ecolaborador |
|
| 700 | 1 |
_aDíaz, Antonio _erevisión |
|
| 942 | _cBK | ||
| 998 | _cMARTIN | ||
| 999 |
_c14185 _d14185 |
||